Statistics for NBA All-Stars By Letter - E

Click here to take the quiz!

General Stats

  • This quiz has been taken 88 times
    (19 since last reset)
  • The average score is 5 of 9

Answer Stats

Players Selections Last Teams % Correct
Patrick Ewing111997Knicks
100%
Joel Embiid3202076ers
95%
Julius Erving11198776ers
95%
Alex English81989Nuggets
84%
Mark Eaton11989Jazz
63%
Sean Elliott21996Spurs
47%
Dale Ellis11989SuperSonics
42%
Dike Eddleman21952Hawks
11%
Wayne Embry51965Royals
11%

Score Distribution

Percentile by Number Answered

Percent of People with Each Score

Your Score History

You have not taken this quiz since the last reset